000
00350nam a2200157Ia 4500
003
OSt
005
20240513163739.0
008
170524s9999 xx 000 0 und d
020
_a
978-8177221091
040
_c
iimtu
100
_a
Conway- Kieron
245
0
_a
Software Project Management
260
_b
Dreamtech
260
_c
2007
942
_2
ddc
_c
02
999
_c
5896
_d
5896